Elizabeth I... or Elizabeth II? - Statistics

General Stats
  • This quiz has been taken 24,547 times
    24,524 since last reset
  • The average score is 11 of 15
Answer Stats
Question Answer % Correct
Had a longer reign than Queen Victoria Elizabeth II
93%
Had a father named Henry Elizabeth I
89%
Faced a military conflict with Spain during her reign Elizabeth I
89%
Had children Elizabeth II
88%
Had a sister named Margaret Elizabeth II
81%
Made an official visit to the United States/American colonies Elizabeth II
80%
Was born outside of England Neither
80%
Was head of the Church of England Both
77%
Was a political prisoner before becoming Queen Elizabeth I
75%
The crown passed directly from her father Elizabeth II
73%
Has a U.S. state or Canadian province named after her Elizabeth I
61%
Held the title "Queen of Ireland" Elizabeth I
56%
Her father was the eldest son of the king Neither
44%
Was Empress of India Neither
41%
Held the title "Princess of Wales" Neither
34%
No matching quizzes found
Score Distribution
Percent of People with Each Score
Percentile by Number Answered
Your Score History
You have not taken this quiz since the last reset